| 000 | 01339nam0a2200337 4500 | ||
|---|---|---|---|
| 001 | RU\NLR\BIBL_A\011260701 | ||
| 005 | 20260406114207.0 | ||
| 010 |
_a978-5-699-87525-2 _92500 |
||
| 021 |
_aRU _b2016-79943 _95211 |
||
| 035 | _a(NLR Aleph) 011260701 | ||
| 090 |
_a12213706 _c12213706 |
||
| 100 | _a20161101d2017 |||y0rusy50 ca | ||
| 101 | 0 | _aeng | |
| 102 | _aRU | ||
| 105 | _ay z 000ay | ||
| 200 | 1 |
_aThe adventures of Tom Sawyer _dПриключения Тома Сойера _fMark Twain _g[коммент. и слов. Н. Самуэльян] _zrus |
|
| 210 |
_aМосква _cЭксмо _d2017 _d[т.е. 2016] |
||
| 215 |
_a254, [1] с. _d20 |
||
| 225 | 1 | _aБестселлер на все времена | |
| 300 | _aАвт. также на рус. яз.: Марк Твен | ||
| 300 | _aКн. фактически изд. в 2016 г. | ||
| 333 | _a6+ | ||
| 510 | 1 |
_6z45790 _aПриключения Тома Сойера _zrus |
|
| 606 | 1 |
_aАнглийский язык _jКниги для чтения _9972309 _3RU\NLR\AUTH\6646032 |
|
| 686 | 1 | _aШ143.21-93рус91 | |
| 700 | 1 |
_8eng _7ba _aTwain _bM. _f1835-1910 _gMark _3RU\NLR\AUTH\7759057 _941989 |
|
| 790 | 1 |
_8rus _7ca _aТвен _bМ. _f1835-1910 _gМарк _3RU\NLR\AUTH\77201 _9110265 |
|
| 942 | _cBOOK | ||
| 980 | _aNB | ||